| 000 | 01142nam a22003017a 4500 | ||
|---|---|---|---|
| 001 | BR9100379 | ||
| 003 | BR-BrBNA | ||
| 005 | 20230928093507.0 | ||
| 007 | ta | ||
| 008 | 230509b bl.||||| |||| 00| 0 por d | ||
| 040 |
_aBR-BrBNA _bpor _cBiblioteca Nacional de Agricultura |
||
| 041 | _a(Por) | ||
| 072 |
_aH10; U40 _b0312 _b4020 _b/G514 |
||
| 090 | _ 0312 BR9100379 | ||
| 100 | 1 | _aMedeiros, J.S. de | |
| 100 | 1 | _aSano, E.E. | |
| 110 | 1 | _aInstituto de Pesquisas Espaciais, Sao Jose dos Campos, SP (Brasil) | |
| 245 | 1 | _aAnalise multitemporal de imagens digitais do Landsat TM na deteccao de areas afetadas por ataque da lagartas (Sibine fusca)na cultura de dende (Elaeis guineensis) | |
| 246 | 1 | _a[Multitemporal analysis of digital images of TM Landsat on the dettection of affected areas by caterpillars (Sibine fusca)attack in a dende palm plantation (Elaeis guineensis)] | |
| 260 | 3 |
_aSao Jose dos Campos, SP (Brasil): _c1989. |
|
| 300 | _a7 p. | ||
| 500 | _aSummaries (Eng, Por); 8 ref. | ||
| 650 | _aDENDE | ||
| 650 | _aLAGARTA | ||
| 650 | _aSENSORIAMENTO REMOTO | ||
| 909 |
_a202309 _bLucia _c55 _dLucia Elande |
||
| 942 | _cBK | ||
| 999 |
_c45319 _d45319 |
||